000 00605nam a2200217 a 4500
008
020 _a025605780X (cased)
049 _aMAIN
090 _aHB172
100 1 _aPrager, Jonas.
245 1 0 _aApplied microeconomics :
_ban intermediate text /
_cJonas Prager.
260 _aHomewood, Ill. :
_bIrwin,
_c1993.
300 _axxiv, 744 p. :
_bill. ;
_c24 cm.
500 _aIncludes index.
650 0 _aMicroeconomics.
907 _a.b10038176
_b09-02-04
_c17-04-03
003
005 20230123133500.0
040 _cNUST
942 _cBOOKS
_kHB172
999 _c149364
_d149364